000 00892nac a22002531u 4500
010 _a 96045669
020 _a0803124716 :
082 0 0 _a624.189
_bTES
090 _c9082
_d9082
100 _a20080729
245 0 0 _aTesting and acceptance criteria for geosynthetic clay liners /
_cLarry W. Well, editor.
246 3 0 _aGeosynthetic clay liners
260 _aWest Conshohocken, PA :
_bASTM,1997.
_cc1997.
300 _axi, 268 p. :
_bill. ;
_c24 cm.
490 1 _aSTP ;
_v1308
500 _a"ASTM publication code number (PCN): 04-013080-38."
500 _aDistributer: Al-Ahram
504 _aIncludes bibliographical references and indexes.
511 _aCatalogued by: Sara
650 0 _aGeosynthetics
_xTesting.
700 1 _aWell, Larry W.,
_d1935-
830 0 _aASTM special technical publication ;
942 _cBB
_k624.189TES
999 _c9082
_d9082